Livres - auteurs - Statistiques

Statistiques générales
  • Ce quiz a été pris 8 fois
  • Le résultat moyen est 9 sur 35
Statistiques - réponses
Hint Réponse % Correct
Les misérales Victor Hugo
100%
1984 George Orwell
88%
Orgueil et préjugés Jane Austen
88%
Harry Potter J. K. Rowling
88%
Roméo et Juliette William Shakespeare
88%
Shining Stephen King
75%
Frankenstein Mary Shelley
50%
Twilight Stephenie Meyer
38%
Fourt Wing Rebecca Yarros
25%
La fille du roi pirate Tricia Levenseller
25%
The Darkest minds Alexandra Bracken
13%
The love hypothesis Ali Hazelwood
13%
After Anna Todd
13%
Nos désirs violents Chloe Gong
13%
Jamais Plus Colleen Hoover
13%
People we meet on vacation Emily Henry
13%
La femme de ménage Freida McFadden
13%
Icebreaker Hannah Grace
13%
Le prince cruel Holly Black
13%
Meurtre mode d'emploi Holly Jackson
13%
Le Labyrinthe James Dashner
13%
Inheritance Games Jennifer Lynn Barnes
13%
Nos étoiles contraires John Green
13%
La sélection Kiera Cass
13%
Powerless Lauren Roberts
13%
Six of Crows Leigh Bardugo
13%
Better than the movies Lynn Painter
13%
Divine rivalités Rebecca Ross
13%
Percy Jackson Rick Riordan
13%
Caraval Stephanie Garber
13%
Hunger Games Suzanne Collins
13%
DIvergente Veronica Roth
13%
The Spanish love deception Elena Armas
0%
La 5e vague Rick Yancey
0%
Shatter Me Tahereh Mafi
0%
Aucun quiz correspondant
Distribution des résultats
% des personnes avec chaque résultat
Percentile par nombre de réponses
Votre historique - résultats
Vous n’avez pas pris ce quiz